[Event "HCL-B131"]
[Site "www.playchess.de"]
[Date "2001.03.30"]
[Round "8"]
[White "Takavor"]
[Black "PieceSeeker"]
[WhiteElo "1500"]
[BlackElo "1396"]
[PlyCount "70"]
[Result "0-1"]

1.d4 Nf6 2.c4 e6 3.Nc3 d5 4.cxd5 exd5 5.Bd2 c5 
6.e3 Nc6 7.Bb5 Bd7 8.Nf3 a6 9.Bxc6 Bxc6 10.O-O Bb5 
11.Nxb5 axb5 12.b3 Bd6 13.Re1 c4 14.Qc2 Ne4 15.b4 
O-O 16.a4 Nxd2 17.Nxd2 Bxb4 18.Reb1 Bxd2 19.Qxd2 
Rxa4 20.Rxa4 bxa4 21.Rxb7 a3 22.Rb1 Qd6 23.Ra1 Qb6 
24.g3 Qb2 25.Qd1 Rb8 26.Kf1 a2 27.Kg2 c3 28.h3 c2 
29.Qc1 Qb1 30.h4 h6 31.Kf3 Qxc1 32.Rxc1 Rb1 
33.Rxc2 a1Q {%}  34.Rc8+ Kh7 35.Kg4 
Qa2 0-1

[Event "HCL-B148"]
[Site "www.playchess.de"]
[Date "2001.03.30"]
[Round "1"]
[White "sarek"]
[Black "BuckNaked"]
[WhiteElo "1116"]
[BlackElo "1422"]
[PlyCount "64"]
[Result "0-1"]

1.e4 e5 2.Nf3 Nc6 3.Bc4 Nf6 4.Ng5 d5 5.exd5 Na5 
6.Bb5+ c6 7.dxc6 bxc6 8.Be2 h6 9.Nh3 Bxh3 10.gxh3 
Qd7 11.Bg4 Qd5 12.Qf3 Nxg4 13.Qxd5 cxd5 14.hxg4 
Rc8 15.Nc3 d4 16.Ne4 h5 17.g5 Rxc2 18.d3 Be7 
19.Rg1 Nb7 20.b3 O-O 21.g6 f5 22.Ng3 Bb4+ 23.Kf1 
Nc5 24.a3 Nxb3 25.Rb1 Nxc1 26.Rxb4 Nxd3 27.Rg2 
Nxb4 28.axb4 d3 29.Ke1 Rb8 30.Nxf5 Rxb4 31.Ne3 
Rb1+ 32.Nd1 Re2+ 0-1

[Event "ACL-A048"]
[Site "www.playchess.de"]
[Date "2001.03.30"]
[Round "23"]
[White "BruceWillis"]
[Black "Yogibear"]
[WhiteElo "1500"]
[BlackElo "1731"]
[PlyCount "78"]
[Result "0-1"]

1.e4 c6 2.d4 d5 3.Nc3 dxe4 4.Nxe4 Bf5 5.Ng3 Bg6 
6.h4 h6 7.Nf3 Nd7 8.h5 Bh7 9.Bd3 Bxd3 10.Qxd3 Qc7 
11.Bd2 e6 12.O-O-O Ngf6 13.Kb1 O-O-O 14.c4 c5 
15.Bc3 cxd4 16.Bxd4 Bc5 17.Qe2 Kb8 18.Bc3 Bd6 
19.Ne4 Nxe4 20.Qxe4 e5 21.Rd2 f6 22.b3 Nc5 23.Qg6 
Rd7 24.Rhd1 Rhd8 25.Qf5 Be7 26.R2xd7 Rxd7 27.Rxd7 
Nxd7 28.Nd2 Nc5 29.Ne4 Qd8 30.Nxc5 Qd1+ 31.Kb2 
Bxc5 32.b4 Bd4 33.Bxd4 Qxd4+ 34.Kb3 Qd1+ 35.Kb2 a5 
36.bxa5 Qf1 37.Kb3 Qxg2 38.Kb4 Qh1 39.Qd7 
Qe1+ 0-1

[Event "ACL-A070"]
[Site "www.playchess.de"]
[Date "2001.03.30"]
[Round "21"]
[White "cabe"]
[Black "DaveM"]
[WhiteElo "1500"]
[BlackElo "1500"]
[PlyCount "70"]
[Result "0-1"]

1.d4 Nf6 2.c4 c5 3.d5 b5 4.cxb5 a6 5.bxa6 Bxa6 
6.Nc3 d6 7.Nf3 g6 8.g3 Bg7 9.Bg2 O-O 10.O-O Nbd7 
11.Qc2 Qb8 12.Rd1 Rc8 13.Bf4 Rc7 14.Ng5 Rb7 
15.Rab1 Nh5 16.Bd2 Nhf6 17.Nge4 Ne5 18.Bf4 Nh5 
19.Bxe5 Bxe5 20.Rde1 Bg7 21.b3 Qc8 22.Bf3 Nf6 
23.Nxf6+ Bxf6 24.a3 Bg7 25.Bg2 Qc7 26.Ne4 Qa5 
27.a4 Rab8 28.Red1 f5 29.Ng5 Qc3 30.Qxc3 Bxc3 
31.Bf3 c4 32.h4 R7xb3 33.Rxb3 cxb3 34.Ne6 b2 
35.Rb1 Bc4 0-1

[Event "ACL-E004"]
[Site "www.playchess.de"]
[Date "2001.03.30"]
[Round "16"]
[White "GoodKnight"]
[Black "Mathemagician"]
[WhiteElo "2353"]
[BlackElo "1693"]
[PlyCount "79"]
[Result "1-0"]

1.e4 c5 2.Nf3 d6 3.d4 cxd4 4.Nxd4 Nf6 5.Nc3 g6 
6.Be3 Bg7 7.f3 O-O 8.Qd2 Nc6 9.Bc4 Ne5 10.Bb3 Bd7 
11.O-O Rc8 12.Rad1 Nc4 13.Bxc4 Rxc4 14.Rfe1 a6 
15.Nb3 Qc7 16.Bd4 e5 17.Be3 Rc6 18.Nc1 b5 19.Nd3 
Rc4 20.a3 a5 21.Re2 Rc8 22.Ne1 b4 {This is a 
pretty dull game.}  23.axb4 axb4 24.Na2 {Sorry you 
think the game is dull. I think there are exciting 
opportunities for both sides.}  Nxe4 {I guess you 
have a point. Perhaps this game won't yield a 
draw.}  25.fxe4 {Now it's going to get really 
interesting.}  Bg4 {I wonder whether "interesting" 
is good or bad.}  26.Nf3 {Win or lose, 
"interesting" is good.}  Rxc2 27.Qxc2 Qxc2 28.Rxc2 
Rxc2 29.Rxd6 f6 30.Rd2 b3 31.Rxc2 bxc2 32.Nb4 f5 
33.h3 Bh5 34.Nxc2 fxe4 35.Nd2 Be2 36.Kf2 Bd3 
37.Nb4 Kf7 38.Nxd3 exd3 39.Kf3 Ke6 
40.Ke4 1-0

[Event "HCL-A068"]
[Site "www.playchess.de"]
[Date "2001.03.30"]
[Round "32"]
[White "teenspirit"]
[Black "stud"]
[WhiteElo "1760"]
[BlackElo "1180"]
[PlyCount "27"]
[Result "1-0"]

1.e4 {Hi!}  e5 {hey, gl 2 u}  2.d4 {good luck to u 
too}  exd4 3.Nf3 Bc5 4.Bc4 Ne7 5.Ng5 d5 6.exd5 
Nxd5 7.Qf3 Be6 8.Nxe6 fxe6 9.O-O c6 10.Re1 Kd7 
11.Nd2 Rf8 12.Qh3 {Interesting! :)}  Qf6 13.Ne4 
Qf7 {taking a risk here, too lazy to calculate}  
14.Nxc5+ {Yeah, too complicated for a non board 
game}  1-0

[Event "HCL-E020"]
[Site "www.playchess.de"]
[Date "2001.03.30"]
[Round "31"]
[White "Pete"]
[Black "peze2"]
[WhiteElo "1998"]
[BlackElo "1836"]
[PlyCount "67"]
[Result "1-0"]

1.f4 d5 {Hi Peter! Let's have a nice game.}  2.Nf3 
{I'm looking forward to it. Good luck.}  g6 3.g3 
Bg7 4.Bg2 c6 5.d3 Nf6 6.Nc3 d4 7.Ne4 Nd5 8.O-O O-O 
9.Qe1 Qb6 10.Rb1 Nb4 11.Bd2 Nxc2 12.Qc1 Nb4 13.Ne5 
Nxa2 14.Qc5 Qxc5 15.Nxc5 Rd8 16.Rba1 Bxe5 17.fxe5 
b6 18.Ne4 Be6 19.Ng5 Bb3 20.Rf4 Nd7 21.Bxc6 Rac8 
22.Bxd7 Rxd7 23.Nf3 Rc2 24.Rxd4 Rxd4 25.Nxd4 Rxd2 
26.Nxb3 Rxb2 27.Nd4 a5 28.Kf1 Kg7 29.g4 f6 
30.exf6+ Kxf6 31.Nf3 a4 32.e4 b5 33.g5+ Kf7 
34.Nd4 1-0

[Event "HCL-A071"]
[Site "www.playchess.de"]
[Date "2001.03.30"]
[Round "27"]
[White "Rifleman"]
[Black "Spiridonas"]
[WhiteElo "1678"]
[BlackElo "1592"]
[PlyCount "57"]
[Result "1-0"]

1.e4 c6 2.d4 d5 3.e5 Na6 4.Bxa6 Qa5+ 5.Nc3 Qxa6 
6.Nf3 Bg4 7.h3 Bxf3 8.Qxf3 e6 9.a3 Ne7 10.Qe2 Qb6 
11.Qd3 Nf5 12.Ne2 Be7 13.g4 Nh4 14.O-O f6 15.Nf4 
Kd7 16.Ng2 g5 17.Nxh4 gxh4 18.b4 Rag8 19.exf6 Bxf6 
20.c3 h5 21.f3 e5 22.Kh1 exd4 23.Qf5+ Ke7 24.Re1+ 
Kf7 25.Qd7+ Kg6 26.gxh5+ Kxh5 27.Qf5+ Bg5 28.Qg4+ 
Kh6 29.Re6+ 1-0

[Event "HCL-B163"]
[Site "www.playchess.de"]
[Date "2001.03.30"]
[Round "10"]
[White "Zeus"]
[Black "lulu"]
[WhiteElo "1676"]
[BlackElo "1308"]
[PlyCount "39"]
[Result "1-0"]

1.e4 e6 2.d4 Be7 3.Nf3 d5 4.e5 c5 5.c3 Nc6 6.Bd3 
c4 7.Bc2 a5 8.O-O b5 9.b3 Nh6 10.Bxh6 
{wow...finally moved}  gxh6 {hey give a lady some 
thinking time.}  11.Qd2 {lol...}  Bg5 12.Nxg5 Qxg5 
13.f4 Qg7 14.Na3 Ba6 15.bxc4 dxc4 16.Be4 Rc8 17.d5 
exd5 18.Qxd5 O-O 19.Nxb5 {Amazing...you and 
rikkirich always move within a few minutes of each 
other...hummmm}  Bxb5 {u r to gd for one of us}  
20.Qxb5 {Yeah...right.  +};-)} 
 1-0

[Event "HCL-B165"]
[Site "www.playchess.de"]
[Date "2001.03.30"]
[Round "4"]
[White "sonnygarcia"]
[Black "Gandalf_9417"]
[WhiteElo "1141"]
[BlackElo "1509"]
[PlyCount "82"]
[Result "0-1"]

1.e4 c6 2.d4 d5 3.e5 Bf5 4.Nf3 e6 5.Be2 c5 6.Be3 
cxd4 7.Nxd4 Bg6 8.Bd3 Bc5 9.Bxg6 Bxd4 10.Bxf7+ 
Kxf7 11.Bxd4 Qg5 12.Qf3+ Qf5 13.Qxf5+ exf5 14.Nc3 
Nc6 15.Nxd5 Nxd4 16.O-O-O Ne6 17.Rhe1 Ne7 18.Nxe7 
Kxe7 19.f4 Rad8 20.g3 Rxd1+ 21.Rxd1 Rd8 22.Re1 Nc5 
23.b3 Ne4 24.g4 g6 25.Kb2 Rd2 26.h3 Rf2 27.gxf5 
gxf5 28.Ka3 Rxf4 29.c4 Ke6 30.Kb4 Kxe5 31.Kb5 Rf2 
32.a4 Rh2 33.Re3 Kd4 34.Rf3 Ke5 35.c5 Rc2 36.b4 
Rc3 37.Rf1 f4 38.h4 f3 39.a5 f2 40.a6 bxa6+ 
41.Kxa6 Re3 0-1

[Event "ACL-A091"]
[Site "www.playchess.de"]
[Date "2001.03.30"]
[Round "3"]
[White "hun"]
[Black "yaroslav"]
[WhiteElo "1620"]
[BlackElo "1500"]
[PlyCount "65"]
[Result "1-0"]

1.e4 c5 2.Nf3 Nc6 3.d4 d6 4.d5 Ne5 5.Nxe5 dxe5 
6.Qh5 g6 7.Bb5+ Bd7 8.Qxe5 Qa5+ 9.Bd2 f6 10.Bxd7+ 
Kxd7 11.Qe6+ Ke8 12.Bxa5 {... sori...}  Bg7 13.Nc3 
b6 14.Qc6+ {...  schach}  Kf7 15.Qxa8 {...}  Nh6 
16.Qxa7 bxa5 17.Qxc5 f5 18.exf5 gxf5 19.Qxa5 Ng4 
20.Qb6 Be5 21.Qe6+ Kg7 22.Qxf5 {-}  Bxc3+ 23.bxc3 
Nf6 24.O-O-O Ng4 25.Qg5+ Kf7 26.Qxg4 Ra8 27.Qe6+ 
Kf8 28.Rhe1 Ra7 29.d6 Ra6 30.Qxe7+ Kg8 31.d7 Ra8 
32.d8Q+ {%}  Rxd8 33.Rxd8+ {-} 
 1-0

[Event "ACL-E002"]
[Site "www.playchess.de"]
[Date "2001.03.30"]
[Round "7"]
[White "anthon_der_schreck"]
[Black "Mathemagician"]
[WhiteElo "1926"]
[BlackElo "1730"]
[PlyCount "49"]
[Result "1-0"]

1.d4 {hello! nice to meet you}  Nf6 {Hello to you 
too.}  2.Bg5 Ne4 3.Bf4 e6 4.Nd2 Nxd2 5.Qxd2 Be7 
6.h4 Bxh4 7.Nf3 Bf6 8.g4 d5 9.g5 Be7 10.Qd3 Bd6 
11.Ne5 g6 12.O-O-O Nd7 13.e4 dxe4 14.Qxe4 Nb6 
15.Rd3 Be7 16.Rdh3 Qd5 17.Qxd5 Nxd5 18.Bd2 c5 
19.dxc5 Bxc5 20.Bb5+ Ke7 21.Rf3 Bd4 22.Nxf7 Rg8 
23.Rxh7 Rg7 24.Rxg7 Bxg7 25.c4 1-0

[Event "HCL-C177"]
[Site "www.playchess.de"]
[Date "2001.03.30"]
[Round "4"]
[White "livingmike"]
[Black "German04"]
[WhiteElo "1000"]
[BlackElo "1220"]
[PlyCount "70"]
[Result "0-1"]

1.e4 {hello}  e5 {hello, how are you???}  2.Nc3 
{good thanks how are you}  Nf6 {fine, give me some 
information about you}  3.Nf3 {i'm from new 
zealand just joined here ,this is my first 
competition}  Nc6 {Welcome, I wish you a lot of 
fun.}  4.d3 {thanks}  Bb4 5.Bg5 O-O 6.Qe2 a5 7.a3 
Be7 8.h4 b6 9.a4 Ba6 10.h5 h6 11.Bh4 d6 12.Nd2 Nd4 
13.Qd1 Qd7 14.f3 Rfe8 15.Nb3 c6 16.Nxd4 exd4 
17.Ne2 c5 18.g3 g5 19.Qd2 Nh7 20.Bh3 Qc7 21.g4 
gxh4 22.Qxh6 Bg5 23.Qxh7+ Kxh7 24.f4 {ouch}  Bf6 
{Sorry}  25.h6 c4 26.g5 Bd8 27.Bf5+ Kh8 28.Rg1 
cxd3 29.g6 fxg6 30.Rxg6 Qxc2 31.Nxd4 Qxb2 32.Rd1 
d2+ 33.Rxd2 Qc1+ 34.Rd1 Qe3+ 35.Ne2 
Qxe2+ 0-1

[Event "HCL-A074"]
[Site "www.playchess.de"]
[Date "2001.03.30"]
[Round "26"]
[White "mrchess"]
[Black "Drugo_Izdanje"]
[WhiteElo "1591"]
[BlackElo "1873"]
[PlyCount "61"]
[Result "1-0"]

1.d4 {good luck}  Nf6 2.c4 e5 3.dxe5 Ng4 4.e4 Nxe5 
5.Nc3 Bc5 6.Nf3 Nbc6 7.Bf4 Nxf3+ 8.Qxf3 d6 9.Qd1 
Be6 10.Rc1 O-O 11.Be2 Qf6 12.Bg3 a6 13.O-O Rfe8 
14.Kh1 Rad8 15.f3 Be3 16.Rb1 Bf4 17.Bxf4 Qxf4 
18.Nd5 Bxd5 19.cxd5 Ne5 20.Qc1 Qxc1 21.Rbxc1 Re7 
22.Rc3 c5 23.dxc6 Nxc6 24.a3 a5 25.Rd1 g6 26.Rcd3 
d5 27.R3xd5 Rxd5 28.Rxd5 Kg7 29.Kg1 f5 30.Bd3 f4 
31.Kf2 1-0

[Event "HCL-A078"]
[Site "www.playchess.de"]
[Date "2001.03.30"]
[Round "1"]
[White "bondegnasker"]
[Black "EKALAYA"]
[WhiteElo "1610"]
[BlackElo "1916"]
[PlyCount "64"]
[Result "0-1"]

1.e4 {Hello from Copnhagen, Denmark}  c5 {I like 
your cartoon v. much .. even Nazis played chess, 
eh ?}  2.Nf3 {It's a Russian cartoon I found on 
the net - I don't know if it's supposed to be a 
Nazi, though}  d6 {You mean it could be Stalin's 
henchman ?}  3.d4 {Maybe. There's more of these 
cartoons, maybe I should switch to another one.}  
cxd4 4.Nxd4 Nf6 5.Nc3 g6 6.Be3 Bg7 7.f3 O-O {Ready 
to slay the Dragon .. ?}  8.Qd2 {Check out my new 
cartoon... that's the final position of my 
analysis!}  Nc6 {Ha ha ha .. that's really funny 
!}  9.Bc4 {Well, now you think it's a joke, 
but...}  a6 {What .. you'll smash the chess board 
on my head after losing .. ?  ;)}  10.Bb3 {That 
would be an interesting new feature... I wonder if 
it could be done??}  Bd7 11.h4 Qa5 12.O-O-O Rac8 
13.g4 h5 {Sir .. you're being ultra aggressive !!} 
 14.gxh5 {Yes... and the worst thing is: II enjoy 
it!}  Qxh5 {And why shouldn't you .. ? Enjoy while 
you can - because the sun shine is going to 
disappear soon ;)}  15.Nxc6 {Now I get all 
confused... I thought executions always took place 
at first sunlight? (PS:New cartoon)}  Bxc6 16.Rhg1 
b5 17.Rdf1 b4 {It's a great cartoon. How did you 
find all these funny chess drawings .. ?}  18.Ne2 
{www.cowderoy.com/graphics/  - it's a great site 
with all sorts of chess graphics}  e6 19.Qxb4 
{Gotta have that pawn... I'm addicted to pawns... 
it's stronger than me...}  a5 {Bondegnasker, u r 
so cruel ! ;) BTW what does "bondegnasker" mean ?} 
 20.Qxd6 {Funny you should ask, it means pawn 
grabber!! Your turn: what does "ekalaya" mean?}  
Nxe4 {"Punisher of Pawn Grabber" .. ha ha .. no 
actually it comes from Mahabharata .. a long story 
!}  21.fxe4 Qxe2 22.Rfe1 Qf3 23.Bxe6 Qf6 {Got you 
!! You 'orrible little Hun .. grabbing so many 
pawns does have a price .. ;)}  24.e5 {Everything 
has its price; that's ok with me, I like pawns!}  
Qxe6 25.Qxe6 fxe6 26.Bd2 Kh7 27.Bxa5 Bd5 28.Rg4 
Bxa2 {OK .. so let me take this delicious pawn of 
yours .. !}  29.Bd2 {Hm... you're a swift learner! 
I'm not sure I like this...}  Rf2 {Oh well .. you 
kicked me all around the board before .. now it's 
my turn !}  30.Reg1 {Does that mean you don't even 
feel sorry??}  Bb3 {Sorry .. ? Sorry .. ? Frankly 
mon ami you are giving me such waves of pleasures 
..}  31.c3 Ra8 {Well .. for once here grabbing 
pawn (Rxg6) makes more sense than cautious defence 
(c3) ..}  32.R4xg6 {At least I end up being ahead 
on pawns... nice game!}  Ra1+ 0-1

[Event "HCL-B184"]
[Site "www.playchess.de"]
[Date "2001.03.30"]
[Round "16"]
[White "Xina"]
[Black "Bauernopfer"]
[WhiteElo "1200"]
[BlackElo "1307"]
[PlyCount "20"]
[Result "0-1"]

1.e4 e5 2.Nf3 Nc6 3.d4 exd4 4.c3 dxc3 5.Bc4 cxb2 
6.Bxb2 Bb4+ 7.Ke2 f6 8.Bxg8 Rxg8 9.Qb3 Rf8 10.a3 
Bc5 0-1

[Event "HCL-A081"]
[Site "www.playchess.de"]
[Date "2001.03.30"]
[Round "24"]
[White "teenspirit"]
[Black "gelus"]
[WhiteElo "1722"]
[BlackElo "1892"]
[PlyCount "48"]
[Result "0-1"]

1.d4 {Hola Ángel que tal? de donde eres?}  d5 
2.Nf3 {Veo que no charlas mucho...}  Nf6 3.c4 {Más 
bien poco ok. Juguemos pues.}  e6 4.Nc3 Nbd7 5.Bg5 
c6 6.e3 Qa5 7.Nd2 Bb4 8.Qc2 O-O 9.Bxf6 Nxf6 10.Bd3 
Re8 11.f4 c5 12.O-O Bd7 13.Nf3 cxd4 14.exd4 dxc4 
15.Bxc4 Rac8 16.Qd3 Bxc3 17.bxc3 b5 18.Bb3 Rxc3 
19.Qd2 b4 20.Ne5 Bb5 21.Rfe1 Re7 22.f5 exf5 
23.Nxf7 Rxf7 24.Re7 Rxb3 0-1

[Event "HCL-A081"]
[Site "www.playchess.de"]
[Date "2001.03.30"]
[Round "34"]
[White "jimmyaaa"]
[Black "entefada"]
[WhiteElo "1700"]
[BlackElo "1700"]
[PlyCount "21"]
[Result "1-0"]

1.e4 c5 2.Nf3 Nf6 3.e5 Nd5 4.Nc3 Nc7 5.d4 cxd4 
6.Qxd4 Nc6 7.Qe4 e6 8.Bc4 b6 9.Bd2 Bb7 10.Qg4 a6 
11.Ne4 1-0

[Event "HCL-A085"]
[Site "www.playchess.de"]
[Date "2001.03.30"]
[Round "10"]
[White "Lydeking"]
[Black "DrGildas"]
[WhiteElo "1530"]
[BlackElo "1700"]
[PlyCount "25"]
[Result "1-0"]

1.e4 e5 2.Nf3 Nf6 3.Nxe5 d6 4.Nf3 Nxe4 5.Qe2 Qe7 
6.d3 Nf6 7.Bg5 Qxe2+ 8.Bxe2 Be7 9.Nc3 Nbd7 10.d4 
O-O 11.O-O-O Re8 12.h4 a6 13.Bd3 1-0

[Event "HCL-B179"]
[Site "www.playchess.de"]
[Date "2001.03.30"]
[Round "5"]
[White "Kimura"]
[Black "pauls"]
[WhiteElo "1500"]
[BlackElo "1200"]
[PlyCount "33"]
[Result "1-0"]

1.e4 Nf6 2.e5 Nd5 3.d4 c6 4.Nf3 e6 5.Be2 g6 6.O-O 
b5 7.Nc3 Bg7 8.Nxd5 cxd5 9.Bxb5 O-O 10.Qe2 a6 
11.Bd3 Nc6 12.c3 f6 13.exf6 Qxf6 14.Bg5 Qxg5 
15.Nxg5 e5 16.dxe5 d6 17.Nxh7 1-0

[Event "HCL-C195"]
[Site "www.playchess.de"]
[Date "2001.03.30"]
[Round "5"]
[White "faheem1"]
[Black "heZZZie"]
[WhiteElo "1000"]
[BlackElo "1462"]
[PlyCount "48"]
[Result "0-1"]

1.e4 {All the best}  e5 2.Bc4 {All the best}  Nf6 
{good luck to you too}  3.d3 {Good Luck!}  c6 4.a3 
{All the best!}  d5 5.exd5 {All the best}  cxd5 
6.Bb5+ Nc6 7.Qe2 Bd6 8.Bf4 Qa5+ 9.Nc3 O-O 10.Bd2 
Nd4 11.Qd1 Nxb5 12.Nxd5 {Nice game so far! Where 
exactly are you from?}  Qd8 {thanks.. you too... 
i'm from michigan}  13.Nxf6+ {I am from Mumbai, 
India. Do you know this place?}  Qxf6 {No, I know 
of most of the big cities and stuff there, but not 
that one}  14.Qh5 {Which are the cities you know 
in India}  Nd4 {Delhi, Bombay, Kanpur... like I 
said... most of the bigger ones}  15.Rc1 {bombay 
was renamed mumbai a few years ago!}  e4 {shows 
just how far behind I am then!... wonder why I 
hadn't heard that sooner}  16.dxe4 {thats okay - 
many people even here call it Bombay. It's 
difficult getting used to new name.}  Re8 {Any 
reason for the change?... not too often it happens 
to big cities like that}  17.f3 {Just a political 
issue. There is a lot of politics involved behind 
it.}  Re5 {you mean things other than confusing 
people?}  18.Bg5 {No! Basically political issues 
behind changing the name. Anyway you have made a 
good move}  Rxg5 {thank you}  19.Qh4 Bf4 20.Nh3 
Rxg2 21.Qxf6 Re2+ 22.Kd1 Rd2+ 23.Ke1 Nxf3+ {good 
game}  24.Kf1 Bxh3+ 0-1

[Event "HCL-B194"]
[Site "www.playchess.de"]
[Date "2001.03.30"]
[Round "4"]
[White "Blocus"]
[Black "hspua"]
[WhiteElo "1200"]
[BlackElo "1200"]
[PlyCount "69"]
[Result "1-0"]

1.d4 {Have a nice game!}  d6 2.e4 c5 {Good Luck}  
3.dxc5 Qa5+ 4.Nc3 Qxc5 5.Be3 Qa5 6.Qd5 Qd8 7.Nf3 
Nf6 8.Qb3 Nc6 9.Rd1 g6 10.e5 Ng4 11.Bf4 Qb6 
12.Qxb6 axb6 13.h3 Ngxe5 14.Nxe5 dxe5 15.Nd5 Bg7 
16.Nc7+ Kf8 17.Nxa8 exf4 18.Nxb6 Be6 19.c3 f5 
20.Bc4 Bxc4 21.Nxc4 b5 22.Na3 b4 23.Nb5 Kf7 24.Ke2 
Rb8 25.Rd5 bxc3 26.bxc3 Ra8 27.Ra1 Nb4 28.Rd2 Rc8 
29.Rad1 Na6 30.R2d7 Be5 31.Ra7 Nc5 32.Nd6+ Bxd6 
33.Rxd6 Ne4 34.Rdd7 Rd8 35.Rxd8 1-0

[Event "ACL-A105"]
[Site "www.playchess.de"]
[Date "2001.03.30"]
[Round "20"]
[White "Kbeza2"]
[Black "guerino"]
[WhiteElo "1500"]
[BlackElo "1199"]
[PlyCount "32"]
[Result "0-1"]

1.d4 d5 2.c4 e6 3.Nc3 Nf6 4.Bg5 Be7 5.e3 O-O 6.Nf3 
Nbd7 7.c5 c6 8.Bd3 h6 9.Bh4 Qc7 10.O-O Re8 11.Bg3 
Qd8 12.b4 Nh5 13.b5 Nxg3 14.hxg3 Nf6 15.a4 Qc7 
16.a5 Bd7 0-1

[Event "HCL-B199"]
[Site "www.playchess.de"]
[Date "2001.03.30"]
[Round "16"]
[White "Winnielee"]
[Black "sarx"]
[WhiteElo "1200"]
[BlackElo "1500"]
[PlyCount "46"]
[Result "0-1"]

1.e4 e6 2.d4 d5 3.Nd2 dxe4 4.Nxe4 Qd5 5.Nc3 Bb4 
6.a3 Bxc3+ 7.bxc3 Nf6 8.Nf3 Ne4 9.Bb2 Nd7 10.Bd3 
Ndf6 11.O-O b6 12.c4 Qh5 13.Re1 Ng5 14.Nxg5 Qxg5 
15.Qf3 Rb8 16.Qc6+ Kd8 17.Rad1 Bb7 18.Bc1 Qg4 
19.f3 Qxd4+ 20.Be3 Qxe3+ 21.Rxe3 Bxc6 22.Be4+ Bd7 
23.Bc6 Kc8 0-1

[Event "HCL-C204"]
[Site "www.playchess.de"]
[Date "2001.03.30"]
[Round "2"]
[White "Max"]
[Black "ZenPuppie"]
[WhiteElo "1000"]
[BlackElo "1000"]
[PlyCount "61"]
[Result "1-0"]

1.e4 Nc6 2.d4 d5 3.e5 Bf5 4.Nf3 h6 5.Nc3 a6 6.Be2 
e6 7.O-O f6 8.a3 g5 9.h3 Bg7 10.Bd3 Nge7 11.Na4 b6 
12.Be3 Qd7 13.g4 Be4 14.Nc3 Rf8 15.Nxe4 dxe4 
16.Bxe4 Rd8 17.c3 f5 18.Bc2 Qc8 19.Ba4 b5 20.Bb3 
Nxe5 21.Nxe5 Bxe5 22.gxf5 Nxf5 23.Qh5+ Rf7 24.dxe5 
c5 25.Rad1 Qb7 26.Bxe6 Nh4 27.Qxf7+ Qxf7 28.Bxf7+ 
Kxf7 29.Rxd8 Nf3+ 30.Kh1 Nxe5 31.Bxc5 1-0

[Event "HCL-A090"]
[Site "www.playchess.de"]
[Date "2001.03.30"]
[Round "16"]
[White "vrad"]
[Black "Matti"]
[WhiteElo "1960"]
[BlackElo "1629"]
[PlyCount "98"]
[Result "1/2-1/2"]

1.e4 e6 2.d4 d5 3.exd5 exd5 4.Bd3 Nf6 5.Bg5 Be6 
6.Nf3 c5 7.c3 Nc6 8.O-O Be7 9.Nbd2 Qb6 10.Qb3 Qxb3 
11.axb3 cxd4 12.Nxd4 Nxd4 13.cxd4 O-O 14.Rfc1 h6 
15.Bh4 a6 16.Rc7 Bb4 17.Nf3 Rab8 18.Bxf6 gxf6 
19.Nh4 Rfc8 20.Rac1 Bd6 21.R7xc8+ Rxc8 22.Rxc8+ 
Bxc8 23.Nf5 Bxf5 24.Bxf5 a5 25.Bc8 b6 26.Bb7 Bf4 
27.Bxd5 Bc1 28.Bc6 Kf8 29.d5 Ke7 30.b4 Bxb2 
31.bxa5 bxa5 32.Kf1 Kd6 33.Ke2 Be5 34.h3 Kc5 {No, 
I think I have good chances to win.}  35.Kd3 Kb4 
36.Kc2 a4 37.d6 Bxd6 38.Bd5 a3 39.Bxf7 Kc5 40.Kd3 
Be5 41.g3 Bd4 42.f3 Bf2 43.g4 Kd6 44.Ke4 Be1 
45.Kf5 Bc3 46.Kg6 Ke5 47.Kxh6 Kf4 48.h4 Kxf3 49.g5 
fxg5 {This is a draw...}  1/2-1/2

[Event "HCL-C204"]
[Site "www.playchess.de"]
[Date "2001.03.30"]
[Round "10"]
[White "surak"]
[Black "Bookkeeper"]
[WhiteElo "1257"]
[BlackElo "1000"]
[PlyCount "58"]
[Result "0-1"]

1.e4 e5 2.Nf3 Nc6 3.Bb5 a6 4.Ba4 Nf6 5.Bxc6 dxc6 
6.d3 Bd6 7.Bg5 h6 8.Bh4 Bg4 9.Nbd2 g5 10.Bg3 Qe7 
11.Nc4 O-O-O 12.O-O h5 13.h3 Bxf3 14.Qxf3 g4 
15.Qf5+ Kb8 16.Bh4 Rh6 17.Bg5 Rg6 18.h4 Re8 19.Ne3 
Bc5 20.Nc4 g3 21.Ne3 gxf2+ 22.Qxf2 Rxg5 23.hxg5 
Ng4 24.Qxf7 Qd8 25.Rf3 Nxe3 26.Kh2 Rf8 27.Qxh5 Rh8 
28.Qxh8 Qxh8+ 29.Kg3 Qh5 0-1

[Event "HCL-A086"]
[Site "www.playchess.de"]
[Date "2001.03.30"]
[Round "26"]
[White "Lydeking"]
[Black "westman"]
[WhiteElo "1658"]
[BlackElo "1905"]
[PlyCount "43"]
[Result "1-0"]

1.e4 c5 {Ok. Let's rock!}  2.Nf3 {Yah, Let´s 
rock!}  d6 3.d4 cxd4 4.Nxd4 Nf6 5.Nc3 a6 6.Bc4 b5 
7.Bb3 Bb7 8.Be3 Nxe4 9.Qf3 Nc5 10.Qxf7+ Kd7 
11.Qf5+ Kc7 12.Nd5+ Bxd5 13.Bxd5 g6 14.Qf3 Nbd7 
15.Bxa8 Ne5 16.Qd5 Qc8 17.Nxb5+ axb5 18.Bxc5 e6 
19.Qe4 Bg7 20.Bxd6+ Kxd6 21.Qb4+ Qc5 
22.O-O-O+ 1-0

[Event "ACL-A106"]
[Site "www.playchess.de"]
[Date "2001.03.30"]
[Round "20"]
[White "tebesius"]
[Black "foxzy"]
[WhiteElo "1500"]
[BlackElo "1267"]
[PlyCount "42"]
[Result "0-1"]

1.c4 e5 2.Nc3 Nf6 3.Nf3 Nc6 4.d3 d5 5.e3 Bb4 6.Bd2 
Bg4 7.Be2 d4 8.Ne4 dxe3 9.fxe3 Nxe4 10.dxe4 Bxd2+ 
11.Nxd2 Bxe2 12.Qxe2 Qd6 13.Rd1 O-O-O 14.O-O f6 
15.Nf3 Qe6 16.Rd5 Nb4 17.Rxd8+ Rxd8 18.Rd1 Rxd1+ 
19.Qxd1 Qxc4 20.Nd2 Qxa2 21.Qb1 
Qa5 0-1

[Event "HCL-C201"]
[Site "www.playchess.de"]
[Date "2001.03.30"]
[Round "4"]
[White "craigsadler"]
[Black "MEATHEAD"]
[WhiteElo "699"]
[BlackElo "1029"]
[PlyCount "67"]
[Result "1-0"]

1.e4 d6 2.d4 Nf6 3.Nc3 Bg4 4.Be2 Bxe2 5.Ngxe2 Nc6 
6.Bg5 h6 7.Bxf6 gxf6 8.O-O e6 9.f3 e5 10.d5 Na5 
11.b3 c5 12.dxc6 bxc6 13.Ng3 Qb6+ 14.Kh1 Rd8 
15.Nh5 Be7 16.Ng7+ Kf8 17.Nf5 Rg8 18.Nxh6 Rg5 
19.Nf5 Qb8 20.Ne2 d5 21.exd5 Qc8 22.Nxe7 Kxe7 
23.Nc3 Qb8 24.Ne4 Rh5 25.f4 exf4 26.d6+ Rxd6 
27.Nxd6 Rh8 28.Rxf4 Qxd6 29.Re4+ Qe5 30.Rxe5+ fxe5 
31.Qe1 f6 32.Qxa5 Ra8 33.Qc7+ Ke8 
34.Qxc6+ 1-0

[Event "HCL-B202"]
[Site "www.playchess.de"]
[Date "2001.03.30"]
[Round "21"]
[White "class58"]
[Black "Gamlet"]
[WhiteElo "1805"]
[BlackElo "1500"]
[PlyCount "35"]
[Result "1-0"]

1.e4 e5 2.f4 exf4 3.Nf3 g5 4.d4 Bg7 5.Bc4 g4 
6.Bxf4 gxf3 7.Qxf3 d5 8.Bxd5 Nf6 9.Nc3 Nxd5 
10.Nxd5 Na6 11.Qg3 Kf8 12.Bg5 f6 13.O-O Be6 
14.Bxf6 Bxf6 15.Rxf6+ Ke8 16.Qg7 Bxd5 17.exd5 Qxf6 
18.Re1+ 1-0